| 000 | 00421nam a2200169 a 4500 | ||
|---|---|---|---|
| 005 | 20140412111429.0 | ||
| 008 | 090225s19uu xx 00 eng d | ||
| 020 | _a0-439-88776-3 | ||
| 050 |
_aER _bBe35 2007 |
||
| 100 | _aLee, Quinlan | ||
| 245 |
_aBest friends / _cQuinlan Lee. |
||
| 260 |
_aU.S.A : _bScholastic, _c2007. |
||
| 300 | _aunp. | ||
| 440 | _aLittlest petshop | ||
| 650 | _aFriendship | ||
| 999 |
_c106332 _d106332 |
||